000 00459nam a2200157Ia 4500
008 240729s9999 xx 000 0 und d
022 _a1687-5974
245 0 _aInternational Journal of Aerospace Engineering
260 _aUnited Kingdom
260 _bHindawi Limited
650 _a Motor vehicles. Aeronautics. Astronautics
650 _aTechnology
856 _uhttps://doaj.org/toc/0f86cdbec3864ffd864154da28eb91bf
942 _2ddc
942 _cDOAJEJ
999 _c71359
_d71359
945 _a1
_bMadushi Gamage
_c1
_dMadushi Gamage